000 00688nam a2200217 i 4500
001 180701
003 ES-MaACL
005 20230906221151.0
008 120626q1957 sp a |||| |dspa d
080 _a75 Rubens
100 1 _aSuárez Bermejo, J. A.
_9150749
245 1 0 _aRubens /
_cJ. A. Suárez Bermejo ; portada e ilustraciones de Chaco.
260 _aBarcelona :
_bEdiciones G.P.,
_c[ca. 1957]
300 _a64 p. :
_bil. ;
_c11 cm.
490 1 _aEnciclopedia pulga ;
_v318
600 1 4 _aRubens, Peter Paul.
_9100291
700 1 _aChacopino Fabre, Joaquín.
_9150736
830 1 _aEnciclopedia pulga ;
_v318
_9191296
852 4 _aES-MaACL
_j2311-F-15
999 _c180701
_d180701